Govt. of
Madhya Pradesh

Writing Difference (Record no. 14477)

MARC details
000 -LEADER
fixed length control field 005070000a22001930004500
001 - CONTROL NUMBER
control field 002568
003 - CONTROL NUMBER IDENTIFIER
control field MACL
005 - DATE AND TIME OF LATEST TRANSACTION
control field 20150915125658.0
008 - FIXED-LENGTH DATA ELEMENTS--GENERAL INFORMATION
fixed length control field 150915b xxu||||| |||| 00| 0 eng d
040 ## - CATALOGING SOURCE
Original cataloging agency MACL
Transcribing agency MACL
041 ## - LANGUAGE CODE
Language code of text/sound track or separate title English
082 ## - DEWEY DECIMAL CLASSIFICATION NUMBER
Classification number 823/NAI
100 ## - MAIN ENTRY--PERSONAL NAME
Personal name Naik, Chanchala
9 (RLIN) 11066
245 ## - TITLE STATEMENT
Title Writing Difference
Remainder of title The Novels of Shashi Deshpande
Statement of responsibility, etc. Chanchala Naik
260 ## - PUBLICATION, DISTRIBUTION, ETC. (IMPRINT)
Place of publication, distribution, etc. New Delhi
Date of publication, distribution, etc. 2005
Name of publisher, distributor, etc. Pencraft International,
350 ## - PRICE (NR) (BK AM CF MU VM SE) [OBSOLETE]
Price 480
650 ## - SUBJECT ADDED ENTRY--TOPICAL TERM
Topical term or geographic name as entry element Fiction
9 (RLIN) 11067
942 ## - ADDED ENTRY ELEMENTS (KOHA)
Call number prefix 823
Koha item type Books
Source of classification or shelving scheme
Holdings
Withdrawn status Lost status Source of classification or shelving scheme Damaged status Not for loan Home library Current library Date acquired Cost, normal purchase price Total Checkouts Full call number Barcode Date last seen Uniform Resource Identifier Price effective from Koha item type
          MACL MACL 15/04/2015 480.00   823/NAI CRE018615 02/05/2024 14363 15/04/2015 Books